000 00942nam a22002177a 4500
999 _c62275
_d62275
005 20251125233058.0
008 s2552 th ||||| |||| 00| 0 tha d
020 _a9789742887247
040 _aNALT
090 _aKT43 ค129ป 2552
100 0 _aคณิต ณ นคร
245 1 0 _aประมวลกฎหมายวิธีพิจารณาความอาญา : หลักกฎหมายและพื้นฐานการเข้าใจ
260 3 _aกรุงเทพฯ :
_bวิญญูชน,
_c2552
300 _a367 หน้า ;
_b 18 ซม.
650 0 4 _aวิธีพิจารณาความอาญา
650 0 4 _aกฎหมายวิธีพิจารณาความอาญา
850 _aNALT
856 4 0 _uhttps://hdl.handle.net/20.500.14156/302108
_71
942 _cLB
_2lcc